[Event "Ruhrgebiet Verbandsklasse Gruppe 1 1819"]
[Site "Nordrheinwestfalen"]
[Date "2019.05.05"]
[Round "9.5"]
[White "Kleeberg, Stefan"]
[Black "Straenger, Petra"]
[Result "0-1"]
[WhiteElo "1554"]
[BlackElo "1795"]
[PlyCount "70"]
[EventDate "2018.09.23"]
[EventType "team-tourn"]
[EventRounds "9"]
[EventCountry "GER"]
[SourceTitle "EXT 2022"]
[Source "ChessBase"]
[SourceDate "2021.10.06"]
[SourceVersion "1"]
[SourceVersionDate "2021.10.06"]
[SourceQuality "1"]
[WhiteTeam "Steele/Kray Rochade II"]
[BlackTeam "Muelheim SC"]
[WhiteTeamCountry "GER"]
[BlackTeamCountry "GER"]

1. d4 d5 2. c4 c6 3. Nc3 Nf6 4. Nf3 dxc4 5. e4 b5 6. a3 e6 7. Be3 Be7 8. Qc2 Bb7 9. Be2 h6 10. Rd1 Qc7 11. h3 a6 12. e5 Nd5 13. Bc1 Qa5 14. 0-0 Nxc3 15. Qxc3 Qxc3 16. bxc3 Nd7 17. Nd2 Nb6 18. Nb1 c5 19. Be3 Nd5 20. Bd2 0-0 21. f4 cxd4 22. cxd4 c3 23. Nxc3 Nxc3 24. Bxc3 Bxa3 25. f5 Rac8 26. Ba1 Rc2 27. Bf3 Bxf3 28. Rxf3 b4 29. Kh2 Rc1 30. Rdf1 Rxf1 31. Rxf1 Rc8 32. d5 exd5 33. Rf3 a5 34. Rg3 Bc1 35. Rf3 a4 0-1

[Event "Ruhrgebiet Verbandsklasse Gruppe 1 1819"]
[Site "Nordrheinwestfalen"]
[Date "2019.01.20"]
[Round "5.7"]
[White "Kleeberg, Stefan"]
[Black "Zimmer, Sebastian"]
[Result "0-1"]
[WhiteElo "1554"]
[BlackElo "1674"]
[PlyCount "90"]
[EventDate "2018.09.23"]
[EventType "team-tourn"]
[EventRounds "9"]
[EventCountry "GER"]
[SourceTitle "EXT 2022"]
[Source "ChessBase"]
[SourceDate "2021.10.06"]
[SourceVersion "1"]
[SourceVersionDate "2021.10.06"]
[SourceQuality "1"]
[WhiteTeam "Steele/Kray Rochade II"]
[BlackTeam "Werl SC 1981"]
[WhiteTeamCountry "GER"]
[BlackTeamCountry "GER"]

1. d4 Nf6 2. c4 g6 3. Nc3 Bg7 4. e4 d6 5. f3 0-0 6. Be3 Nbd7 7. Bd3 c5 8. d5 a6 9. Qd2 Re8 10. Rb1 Ne5 11. Nge2 e6 12. Nf4 exd5 13. Nfxd5 Nxd5 14. Nxd5 f5 15. b3 Nxd3+ 16. Qxd3 fxe4 17. fxe4 Qh4+ 18. g3 Qxe4 19. Qxe4 Rxe4 20. Kd2 Bf5 21. Rbe1 b5 22. cxb5 axb5 23. Nc3 Bxc3+ 24. Kxc3 Rxa2 25. Bxc5 dxc5 26. Rxe4 Bxe4 27. Rc1 Rxh2 28. b4 c4 29. Kd4 Bd3 30. Kc5 Rh5+ 31. Kd4 Rg5 32. Re1 Kf7 33. Re3 Kf6 34. Rf3+ Ke6 35. Re3+ Kd6 36. Rf3 Rg4+ 37. Kc3 Ke5 38. Re3+ Re4 39. Rf3 h5 40. Rf7 Ke6 41. Rb7 Re5 42. Kd4 Rd5+ 43. Kc3 Be4 44. Rb6+ Kf5 45. Rb8 Kg4 0-1

[Event "Ruhrgebiet Verbandsklasse Gruppe 1 1819"]
[Site "Nordrheinwestfalen"]
[Date "2018.11.04"]
[Round "3.7"]
[White "Kleeberg, Stefan"]
[Black "Al Ali, Mohammad"]
[Result "0-1"]
[WhiteElo "1554"]
[BlackElo "1768"]
[PlyCount "78"]
[EventDate "2018.09.23"]
[EventType "team-tourn"]
[EventRounds "9"]
[EventCountry "GER"]
[SourceTitle "EXT 2022"]
[Source "ChessBase"]
[SourceDate "2021.10.06"]
[SourceVersion "1"]
[SourceVersionDate "2021.10.06"]
[SourceQuality "1"]
[WhiteTeam "Steele/Kray Rochade II"]
[BlackTeam "Annen Sport Union"]
[WhiteTeamCountry "GER"]
[BlackTeamCountry "GER"]

1. d4 g6 2. c4 Bg7 3. Nc3 d6 4. e4 Nc6 5. Be3 f5 6. d5 Ne5 7. Qc2 fxe4 8. Nxe4 Bf5 9. Qa4+ c6 10. f3 Bxe4 11. fxe4 Nf6 12. Qc2 Nfg4 13. Bd4 0-0 14. Nh3 c5 15. Bxe5 Bxe5 16. g3 Bd4 17. Be2 Ne3 18. Qd2 Ng2+ 19. Kd1 Qd7 20. Ng1 Qa4+ 21. b3 Qa3 22. Rb1 Be3 23. Qb2 Qb4 24. Nf3 Bh6 25. Nd2 Bg7 26. Qc1 Ne3+ 27. Ke1 Bc3 28. a3 Qa5 29. b4 Ng2+ 30. Kd1 Qa4+ 31. Nb3 cxb4 32. axb4 Bxb4 33. Kc2 Rf2 34. Kd3 Raf8 35. Nd4 Qa2 36. Rxb4 Rxe2 37. Nxe2 Rf3+ 38. Kd4 Qxe2 39. c5 Qd3# 0-1

[Event "Ruhrgebiet Verbandsliga Gruppe 1 1617"]
[Site "Germany"]
[Date "2016.09.25"]
[Round "2.8"]
[White "Jacubowski, Andreas"]
[Black "Kleeberg, Stefan"]
[Result "1/2-1/2"]
[WhiteElo "1910"]
[BlackElo "1582"]
[PlyCount "84"]
[EventDate "2016.09.04"]
[EventType "team-tourn"]
[EventRounds "9"]
[EventCountry "GER"]
[SourceTitle "EXT 2022"]
[Source "ChessBase"]
[SourceDate "2021.10.06"]
[SourceVersion "1"]
[SourceVersionDate "2021.10.06"]
[SourceQuality "1"]
[WhiteTeam "Horst Emscher"]
[BlackTeam "Steele/Kray Rochade"]
[WhiteTeamCountry "GER"]
[BlackTeamCountry "GER"]

1. e4 e5 2. Nf3 Nc6 3. Bb5 a6 4. Ba4 Nf6 5. 0-0 b5 6. Bb3 Be7 7. Re1 d6 8. h3 0-0 9. c3 Na5 10. Bc2 c5 11. d4 cxd4 12. cxd4 Qc7 13. Bg5 h6 14. Bxf6 Bxf6 15. Nc3 Bb7 16. Ne2 g6 17. Rc1 Qe7 18. b3 Nc6 19. Qd2 Bg7 20. d5 Na7 21. Ng3 Kh7 22. Bd3 Rac8 23. Qe3 Rxc1 24. Rxc1 Nc8 25. Rc2 Qd8 26. h4 Nb6 27. h5 b4 28. Qc1 Nd7 29. Nd2 Nc5 30. Be2 Bf6 31. Nc4 Bg5 32. Qe1 a5 33. Bf1 Bc8 34. Nxe5 gxh5 35. Nd3 h4 36. Nh1 Qe7 37. Nxc5 dxc5 38. Bd3 Kg7 39. Qe2 Bf4 40. Qh5 Rd8 41. g3 hxg3 42. Nxg3 Rg8 1/2-1/2